00362nam a2200133Ia 4500008004100000020001500041041001200056100002300068245007500091260002500166300000800191650001100199700001800210221030s9999 xx 000 0 und d a0074624776 aEnglish aS. K. Bhattacharya 0aIndustrial Electronics & Controlcby S. K. Bhattacharya, S. Chatterjee bTMHaNew Delhic2004 a649 aBB ECE aS. Chatterjee